000 01429nam0a2200373 4500
001 RU\NLR\bibl\1487058
005 20250616011500.0
010 _a978-5-87444-341-2
_bв пер.
_91000
021 _aRU
_b2010-3336
_9205
035 _a(nilc)RSL-KNO-004572967
035 _a(NLR Aleph) 001478661
090 _a1689448
_c1689448
100 _a20100127d2009 |||y0rusy50 ca
101 0 _arus
102 _aRU
105 _aa zzzz|||||
200 1 _aНефтехимический комплекс мира
_fО. Б. Брагинский
_gРоссийская акад. наук
210 _aМосква
_cAcademia
_d2009
215 _a799 с.
_cил., табл.
_d22
225 1 _aМонографические исследования
_iЭкономика
320 _aБиблиогр.: с. 776-799 (440 назв.)
606 1 _aНефтехимические комплексы
_91707317
_3RU\NLR\auth\66760573
686 _aУ530.565.252,0
_2rubbk
686 _aУ30(0)565.252-434
700 1 _4070
_7ca
_8rus
_aБрагинский
_bО. Б.
_f1937-
_gОлег Борисович
_916586
_3RU\NLR\AUTH\7733578
801 0 _aRU
_bRuMoRGB
_c20100127
_grcr
801 1 _aRU
_bRuMoRGB
_c20100127
801 2 _aRU
_bNLR
_c20100319
_grcr
830 _aавт. по кн.
942 _cBOOK
980 _aNB